Selacted stories of Munshi Premchnad / (Record no. 138628)

MARC details
000 -LEADER
fixed length control field 00535nam a22001817a 4500
005 - DATE AND TIME OF LATEST TRANSACTION
control field 20170403130700.0
010 ## - LCCN (DPL NO)
LC control number ENG-117688
020 ## - INTERNATIONAL STANDARD BOOK NUMBER
International Standard Book Number 9788178063898
Terms of availability 150.00
035 ## - SYSTEM CONTROL NUMBER
System control number EN-101220
037 ## - SOURCE OF ACQUISITION
Source of stock number/acquisition DABD/PUB
082 ## - DEWEY DECIMAL CLASSIFICATION NUMBER
Classification number S
245 ## - TITLE STATEMENT
Title Selacted stories of Munshi Premchnad /
Statement of responsibility, etc by Premchand ; translated by Sudha Narasimhachar
260 ## - PUBLICATION, DISTRIBUTION, ETC. (IMPRINT)
Place of publication, distribution, etc Delhi
Name of publisher, distributor, etc Unicorn Books
Date of publication, distribution, etc 2016
270 ## - ADDRESS
Address F-2/16,Ansari Road Daryaganj
City Delhi
Postal code 110052
300 ## - PHYSICAL DESCRIPTION
Extent 179p.
Dimensions 23cm(pbk)
700 ## - ADDED ENTRY--PERSONAL NAME
Personal name Narasimhachar, Sudha
942 ## - ADDED ENTRY ELEMENTS (KOHA)
Source of classification or shelving scheme Dewey Decimal Classification
Item type English Books
Classification part S
Call number suffix PRE
Holdings
Withdrawn status Lost status Not for loan Collection code Home library Current library Date acquired Source of acquisition Cost, normal purchase price Full call number Barcode Copy number Cost, replacement price Koha item type
      Fiction Shahdara Branch Shahdara Branch 31/03/2017 DBAD/PUB 150.00 S PRE EN-101220 1 150.00 English Books

© Delhi Public Library
Hit Counter
free hit counter